| 000 | 00447nam a2200181Ia 4500 | ||
|---|---|---|---|
| 001 | 13831 | ||
| 005 | 20260306164830.0 | ||
| 008 | 260306t2008||||xx |||||||||||||| ||spa|| | ||
| 041 | _aESP | ||
| 082 |
_a005.369 _bM26 |
||
| 100 |
_aMartín Martín, Quintín _eAUT |
||
| 245 | 0 | _aTratamiento estadístico de datos con SPSS | |
| 260 | _c2008 | ||
| 300 |
_a596 páginas : _c24 cm. |
||
| 650 | _aGEN | ||
| 654 | _aCCC | ||
| 942 |
_cLIB _dJUS _fJUS _2ddc _n |
||
| 999 |
_c13831 _d13831 |
||